000 00284nam a22000977a 4500
008 150819b xxu||||| |||| 00| 0 eng d
082 _a153.7 SEG
100 _aSEGALL,MARSHALL.H
245 _aTHE INFLUENCE OF CULTURE ON VISUAL PERCEPTION
260 _aNEW YORK
_bTHE BOBBS-MERRILL COMPANY
_c1966
999 _c166
_d166